10 Most Stable Countries in the Americas - Statistics

General Stats
  • This quiz has been taken 219 times
  • The average score is 8 of 10
Answer Stats
Score Country % Correct
20.0 Canada
99%
38.0 United States
99%
38.9 Chile
85%
46.0 Argentina
82%
48.8 Bahamas
82%
42.0 Costa Rica
80%
47.0 Panama
80%
48.0 Barbados
71%
53.0 Trinidad and Tobago
68%
54.4 Antigua and Barbuda
61%
No matching quizzes found
Score Distribution
Percent of People with Each Score
Percentile by Number Answered
Your Score History
You have not taken this quiz